| 000 | 01092cam a22002775a 4500 | ||
|---|---|---|---|
| 005 | 20090217114729.0 | ||
| 008 | 081107s2008 ii b 000 0 eng | ||
| 020 |
_a9788123750798 _c40.00 |
||
| 037 | _bNorth India Publishers | ||
| 040 |
_adpl _bEnglish |
||
| 082 | _a921 | ||
| 100 | _aRaju,S.V. | ||
| 245 |
_aMinoo Masani / _cby S.V.Raju |
||
| 260 |
_aNew Delhi _bNational Book Trust _c2008(repr.) |
||
| 270 |
_aNehru Bhawan, 5 Institutional Area, Phase II, Vasant Kunj _bNew Delhi _e110070 |
||
| 300 |
_axxi, 99 p. _c22 cm.(pbk) |
||
| 490 | _aNational biography | ||
| 651 |
_aIndia _xHistory _ySepoy Rebellion, 1857-1858. |
||
| 651 |
_aPunjab (India) _xPolitics and government _y19th century. |
||
| 651 |
_aHaryana (India) _xPolitics and government _y19th century. |
||
| 651 |
_aHimachal Pradesh (India) _xPolitics and government _y19th century. |
||
| 942 |
_2ddc _cEN _h921 _mRAJ |
||
| 999 |
_c23968 _d23968 |
||